| 000 | 01681nam a2200421 i 4500 | ||
|---|---|---|---|
| 001 | DIGUCAUCA0147 | ||
| 003 | NyNyDIG | ||
| 006 | m o d | ||
| 007 | cr ||||||||||| | ||
| 008 | 231008s2022 ck a ob 001 0 spa d | ||
| 035 | _a(OCoLC)1394135243 | ||
| 040 |
_aDGITA _beng _erda _epn _cDGITA |
||
| 020 |
_a9789587325034 _qeBook |
||
| 020 | _z9789587325027 | ||
| 043 | _as-ck--- | ||
| 050 | 1 | 4 | _aK7179 ebook |
| 100 | 1 |
_aGarcés Garcés, Hugo Alexander, _eauthor. |
|
| 245 | 1 | 0 |
_aMatrimonio, unión marital y patrimonio / _cHugo Alexander Garcés Garcés. |
| 250 | _aPrimera edición en español. | ||
| 264 | 1 |
_aPopayán, Colombia : _bEditorial Universidad del Cauca, _c2022. |
|
| 300 |
_a1 online resource : _billustrations. |
||
| 336 |
_atext _btxt _2rdacontent |
||
| 337 |
_acomputer file _bc _2rdamedia |
||
| 338 |
_aonline resource _bcr _2rdacarrier |
||
| 347 |
_atext file _2rdaft |
||
| 347 | _bPDF | ||
| 504 | _aIncludes bibliographical references and Index. | ||
| 588 | 0 | _aOnline resource; title from PDF title page (Digitalia, viewed October 8, 2023) | |
| 650 | 0 |
_aConcubinage _zColombia. |
|
| 650 | 0 |
_aCommon law marriage _zColombia. |
|
| 650 | 0 |
_aMatrimonial actions _zColombia. |
|
| 776 | 0 | 8 |
_iPrint version: _aGarcés Garcés, Hugo Alexander. _tMatrimonio, unión marital y patrimonio. _bPrimera edición en español. _dPopayán, Colombia : Editorial Universidad del Cauca, 2022 _z9789587325027 |
| 791 | 2 |
_aDigitalia (Firm), _edistributor. |
|
| 793 | 0 |
_gDigitalia eBook Collection: _aUniversidad del Cauca |
|
| 856 | 4 | 0 |
_3Digitalia Hispánica _uhttps://www.digitaliapublishing.com/a/129862/ |
| 910 | _aPremium collection: 2023 | ||
| 942 | _cRAA | ||
| 999 |
_c280590 _d280590 |
||